[Event "II Open"]
[Site "Sort ESP"]
[Date "2006.06.27"]
[Round "2"]
[White "Ortiz,Na"]
[Black "Movsziszian,K"]
[Result "1-0"]
[WhiteElo "2184"]
[BlackElo "2502"]

1.e4 d6 2.d4 g6 3.Nc3 Bg7 4.Nge2 c6 5.a4 Nf6 6.g3 O-O 7.Bg2 e5 8.h3 a5 9.Be3 Na6
10.O-O Nb4 11.Qd2 Re8 12.Rad1 Qc7 13.f4 exd4 14.Bxd4 Be6 15.b3 Rad8 16.g4 d5
17.f5 gxf5 18.gxf5 Bc8 19.e5 Rxe5 20.Bxe5 Qxe5 21.Rf3 Kh8 22.Ng3 Rg8 23.Re1 Qc7
24.Qf2 b6 25.Kh1 Bb7 26.Rfe3 Bf8 27.Rf3 Bc5 28.Qd2 Rxg3 29.Qh6 Ng8 30.Re8 Bd4
31.Qh4 Rg7 32.Qxd4 h6 33.Qh4 Kh7 34.Rfe3 c5 35.f6 Rg6 36.Re2 Qc6 37.Nb5 Qxf6
38.Qxf6 Rxf6 39.Rb8 Ba6 40.Ree8 Rg6 41.c3 Nd3 42.Nc7 Nf2+ 43.Kh2 Bd3 44.Nxd5 Nf6
45.Rh8+ Kg7 46.Nxf6 Kxf6 47.Rxb6+ Ke5 48.Re8+ Re6 49.Rbxe6+ fxe6 50.Rc8 Bc2
51.Rxc5+ Kf4 52.b4 axb4 53.cxb4 Bxa4 54.b5  1-0

[Event "FSIM July"]
[Site "Budapest HUN"]
[Date "2006.07.01"]
[Round "1"]
[White "Galyas,M"]
[Black "Pirisi,G"]
[Result "1-0"]
[WhiteElo "2390"]
[BlackElo "2271"]

1.d4 g6 2.e4 Bg7 3.Nc3 d6 4.Nf3 Bg4 5.Be3 Nc6 6.Bb5 a6 7.Bxc6+ bxc6 8.h3 Bxf3
9.Qxf3 Bh6 10.O-O Qd7 11.e5 d5 12.Na4 e6 13.Nc5 Qd8 14.c4 Bf8 15.cxd5 cxd5
16.Rac1 Bxc5 17.Rxc5 f5 18.exf6 Nxf6 19.Bh6 Ne4 20.Rc6 Qd7 21.Rfc1 Ra7 22.Qf4 Kd8
23.f3 e5 24.dxe5  1-0

[Event "WGM"]
[Site "Marseille FRA"]
[Date "2006.07.01"]
[Round "2"]
[White "Cosma,E"]
[Black "Foisor,C"]
[Result "1/2-1/2"]
[WhiteElo "2370"]
[BlackElo "2392"]

1.d4 g6 2.e4 Bg7 3.Nc3 d6 4.Be3 c6 5.a4 a5 6.Be2 Na6 7.Nf3 Nf6 8.h3 O-O 9.O-O Nb4
10.Qd2 d5 11.exd5 cxd5 12.Rfc1 Bf5 13.Nb5 Ne4 14.Qd1 Nc6 15.c3 Qd7 16.Nd2 Nf6
17.Nb3 b6 18.Nd2 Ne8 19.Qb3 Be6 20.Bf4 Na7 21.Nf3 Nxb5 22.Bxb5 Qb7 23.Re1 Bf6
24.Ne5 Rc8 25.Nf3 Rd8 26.Bh6 Bg7 27.Bxg7 Nxg7 28.Re2 Qc7 29.Rae1 Qf4 30.Ne5 Rd6
31.Qd1 Rc8 32.Qd2 Qh4 33.Nf3 Qf6 34.Qg5 Nh5 35.Qxf6 exf6 36.Rd2 f5 37.Ng5 h6
38.Nxe6 fxe6 39.g4 Nf6 40.f3 Kf7 41.Kg2 f4 42.h4  1/2-1/2

[Event "III Open"]
[Site "Sanxenxo ESP"]
[Date "2006.07.01"]
[Round "6"]
[White "Hamdouchi,H"]
[Black "Gonzalez Diaz,J"]
[Result "1-0"]
[WhiteElo "2559"]
[BlackElo "2210"]

1.e4 d6 2.d4 g6 3.Nc3 Bg7 4.Be3 Nd7 5.Nf3 a6 6.a4 b6 7.Bc4 e6 8.Qd2 Bb7 9.Bg5 Qc8
10.O-O h6 11.Be3 Ne7 12.h3 Nf6 13.d5 e5 14.Nh2 g5 15.Qd1 Ng6 16.Re1 Qd8 17.Nf1 Bc8
18.Ng3 Nh4 19.Be2 O-O 20.Bg4 Nxe4 21.Ngxe4 f5 22.g3 Ng6 23.Bh5 Kh7 24.Kh2 fxe4
25.Bg4 Ne7 26.Bxc8 Qxc8 27.Nxe4 Qf5 28.Qd3 Kh8 29.Ra3 g4 30.Rc3 Rac8 31.h4 Qh5
32.Kg1 Rf3 33.Qxa6 Rcf8 34.Qb7 Qf5 35.Rxc7 Qxe4 36.Rxe7 Bf6 37.Re6 Bg7 38.Qxg7+  1-0

[Event "34th World Open"]
[Site "Philadelphia USA"]
[Date "2006.07.02"]
[Round "5"]
[White "Panchanathan,M"]
[Black "Moreno,W"]
[Result "1-0"]
[WhiteElo "2525"]
[BlackElo "2137"]

1.e4 g6 2.d4 Bg7 3.Nc3 d6 4.Be3 c6 5.a4 Nf6 6.Nf3 O-O 7.Be2 Nbd7 8.O-O e5
9.a5 Re8 10.dxe5 dxe5 11.Nd2 Qe7 12.Nc4 Bf8 13.f3 Rd8 14.Qe1 Nh5 15.Qf2 Nf4
16.Rfd1 Qf6 17.Bf1 Ne6 18.Na4 a6 19.c3 Be7 20.b4 Ndf8 21.Qg3 Nd7 22.Nab6 Nxb6
23.Bxb6 Rxd1 24.Rxd1 Nf4 25.Bc7 Nh5 26.Qf2 Be6 27.Bxe5 Qg5 28.f4  1-0

[Event "FINEC Rector Cup"]
[Site "St Petersburg RUS"]
[Date "2006.07.02"]
[Round "7"]
[White "Khairullin,I"]
[Black "Mihajlovskij,S"]
[Result "1-0"]
[WhiteElo "2544"]
[BlackElo "2414"]

1.e4 g6 2.d4 Bg7 3.Nc3 d6 4.g3 Nd7 5.Bg2 c5 6.Nge2 Ngf6 7.O-O O-O 8.h3 Rb8
9.a4 b6 10.Bg5 a6 11.Rb1 Bb7 12.Qd2 Re8 13.d5 Qc7 14.g4 Rbc8 15.Ng3 e6 16.Bh6 Ne5
17.Bxg7 Kxg7 18.g5 Nfd7 19.b3 exd5 20.f4 Nc6 21.exd5 Nd4 22.Nd1 f6 23.c3 Nf5
24.Nxf5+ gxf5 25.Ne3 fxg5 26.fxg5 Ne5 27.Nxf5+ Kh8 28.h4 Rf8 29.h5 Rcd8 30.c4 Bc8
31.Ng3 Bg4 32.Be4 Qe7 33.Kg2 h6 34.g6 Kg7 35.Bf5 Qh4 36.Bxg4 Nxg4 37.Rh1 Qf6
38.Rbf1 Qe5 39.Re1 Qf6 40.Ref1 Qe5 41.Re1 Qf6 42.Qe2 Ne5 43.Rhf1 Qg5 44.Rxf8 Rxf8
45.Rf1 Rxf1 46.Qxf1 Qd2+ 47.Kh3 Qd3 48.Qxd3 Nxd3 49.Nf5+ Kf6 50.Nxh6  1-0

[Event "35th TCh-GRE"]
[Site "Ermioni GRE"]
[Date "2006.07.03"]
[Round "1"]
[White "Katzourakis,P"]
[Black "Papathanasiou,P"]
[Result "1-0"]
[WhiteElo "2106"]
[BlackElo "2169"]

1.e4 g6 2.d4 d6 3.Nc3 Bg7 4.Bc4 Nc6 5.Nf3 Nf6 6.Bb3 Bg4 7.Be3 O-O 8.Qd2 Bxf3
9.gxf3 e5 10.d5 Na5 11.Ne2 Nxb3 12.axb3 a6 13.Ng3 Qd7 14.h4 h5 15.Bh6 Ne8
16.O-O-O Kh7 17.Bxg7 Nxg7 18.Rhg1 a5 19.Kb1 b5 20.f4 exf4 21.Qxf4 b4 22.Nf5 Nxf5
23.exf5 a4 24.Rg5 axb3 25.cxb3 Qe8 26.Rdg1 Qe2 27.R5g3 Rae8 28.Qxb4 Qxf2
29.fxg6+ fxg6 30.Rxg6 Qf5+ 31.Kc1 Rf7 32.Qd2 Qf4 33.Rg7+ Kh8 34.Rxf7 Qxf7
35.Qh6+  1-0

[Event "Masters"]
[Site "Marseille FRA"]
[Date "2006.07.03"]
[Round "4"]
[White "Humeau,C"]
[Black "Shoker,S"]
[Result "0-1"]
[WhiteElo "2104"]
[BlackElo "2352"]

1.e4 g6 2.d4 Bg7 3.Nc3 d6 4.g3 Na6 5.Bg2 Rb8 6.Nge2 b5 7.O-O Nf6 8.e5 Nd7
9.e6 fxe6 10.Nf4 Nf8 11.Re1 Bd7 12.h4 c5 13.d5 e5 14.Nh3 Qc8 15.Kh2 h6 16.f4 Bg4
17.Qd2 Bf5 18.Nf2 Nb4 19.Nfe4 Nd7 20.a3 Na6 21.Nf2 h5 22.Qe2 Nc7 23.fxe5 Nxe5
24.Bg5 Qd7 25.Nd3 O-O 26.Nxe5 Bxe5 27.Ne4 Bxb2 28.Rab1 Bg7 29.c4 a6  0-1

[Event "35th TCh-GRE"]
[Site "Ermioni GRE"]
[Date "2006.07.04"]
[Round "2"]
[White "Inarkiev,E"]
[Black "Azmaiparashvili,Z"]
[Result "1-0"]
[WhiteElo "2625"]
[BlackElo "2669"]

1.e4 d6 2.d4 g6 3.Nc3 Bg7 4.f4 a6 5.Nf3 b5 6.Bd3 Nd7 7.e5 c5 8.Be3 cxd4 9.Bxd4 Bb7
10.Be4 Bxe4 11.Nxe4 dxe5 12.fxe5 Nf8 13.Nc5 Nh6 14.a4 Nf5 15.c3 Nd7 16.axb5 Nxc5
17.Bxc5 Qc8 18.Qd5 O-O 19.g4 Rd8 20.Qc6 Nh6 21.h3 f5 22.g5 Nf7 23.e6 Ne5
24.Nxe5 Bxe5 25.Qxc8 Raxc8 26.Bb6 Rd6 27.Rxa6 Rd5 28.Ra5 Bf4 29.h4 Rc4 30.Ra8+ Kg7
31.Rd8 Rxb5 32.Bd4+ Be5 33.b3 Rxc3 34.Bxc3 Bxc3+ 35.Kd1 Re5 36.Kc2 Bb4 37.Rd4 Bc5
38.Rc4 Bd6 39.Kd2 Rd5+ 40.Kc3 Re5 41.Kd2 Rd5+ 42.Kc2 Re5 43.b4 Rxe6 44.b5 Re2+
45.Kb3 Re3+ 46.Rc3 Re4 47.Rc4 Re3+ 48.Rc3 Re4 49.Kc2 Re2+ 50.Kb1 Re5 51.Rb3 f4
52.b6 Rf5 53.b7 Rf8 54.Kc2 Kf7 55.Rd1 Rb8 56.Kd3 Ke6 57.Ke4 Kd7 58.Rc1 Rf8
59.Ra1 Bb8 60.Rc3 Bd6 61.Rb3 Bb8 62.Rd1+ Kc6 63.Rc3+  1-0

[Event "WGM"]
[Site "Marseille FRA"]
[Date "2006.07.04"]
[Round "6"]
[White "Sukandar,I"]
[Black "Zozulia,A"]
[Result "1-0"]
[WhiteElo "2213"]
[BlackElo "2355"]

1.e4 g6 2.d4 d6 3.Nc3 Bg7 4.Bc4 Nf6 5.Qe2 e5 6.dxe5 dxe5 7.Nf3 Qe7 8.b3 c6
9.a4 Nh5 10.Ba3 Nf4 11.Qd2 Qf6 12.O-O-O Bf8 13.Bxf8 Kxf8 14.Qd8+ Kg7 15.Qc7 Nd7
16.Rd6 Qd8 17.Qxd8 Rxd8 18.Nxe5 f6 19.Nxd7 Rxd7 20.Rhd1 Re7 21.Rd8 Ne6 22.Bxe6 Rxe6
23.f4 b6 24.e5 fxe5 25.Ne4 exf4 26.Nd6 Bb7 27.Nxb7 Rxd8 28.Nxd8 Rf6 29.Rd7+ Kf8
30.Rxh7 Ke8 31.Nb7 g5 32.a5  1-0

[Event "XIII Luigi Serra"]
[Site "Montecatini Terme ITA"]
[Date "2006.07.04"]
[Round "4"]
[White "Piscopo,P"]
[Black "Ronchetti,N"]
[Result "1-0"]
[WhiteElo "2393"]
[BlackElo "2421"]

1.e4 g6 2.d4 Bg7 3.Nc3 d6 4.Be3 a6 5.g3 b5 6.Bg2 Bb7 7.Nge2 Nd7 8.O-O b4
9.Nd5 a5 10.a3 e6 11.Ndf4 c5 12.axb4 axb4 13.Nd3 Rc8 14.Qd2 Ne7 15.Rfd1 Qc7
16.dxc5 dxc5 17.Nxc5 Nxc5 18.Bxc5 Qxc5 19.Qd7+ Kf8 20.Qd8+  1-0

[Event "Masters"]
[Site "Marseille FRA"]
[Date "2006.07.05"]
[Round "7"]
[White "Ninov,N"]
[Black "Shoker,S"]
[Result "0-1"]
[WhiteElo "2494"]
[BlackElo "2352"]

1.e4 g6 2.d4 Bg7 3.Nc3 d6 4.f4 a6 5.Nf3 b5 6.Bd3 Bb7 7.Qe2 Nd7 8.e5 e6 9.a4 b4
10.Ne4 Ne7 11.Bd2 d5 12.Nc5 Nxc5 13.dxc5 Nc6 14.c3 bxc3 15.Bxc3 Qe7 16.b4 a5
17.Bb5 axb4 18.Bxb4 O-O 19.Ba3 f6 20.O-O fxe5 21.Nxe5 Bxe5 22.fxe5 Qh4 23.Qe3 Rxf1+
24.Rxf1 Qd4 25.Bc1 Kg7 26.Rf6 Qxe3+ 27.Bxe3 Nd8 28.c6 Bxc6 29.Bxc6 Nxc6 30.Rxe6 Ra6
31.Bc5 Kf7 32.Rf6+ Ke8 33.a5 Rxa5 34.Be3 Ra1+ 35.Kf2 Ra2+ 36.Kg3 Ne7 37.Kf3 Ra3
38.Ke2 Ra2+ 39.Kf3 Nf5 40.Bc5 Rc2 41.Bf2 Rc3+ 42.Kf4 Rc4+ 43.Kf3 Re4 44.g4 Nh6
45.h3 Nf7 46.Bg3 Nxe5+ 47.Kg2 Ke7 48.Bh4 Kd7 49.Rf8 h5 50.Rd8+ Kc6 51.Bg3 hxg4
52.h4 Re2+ 53.Kf1 Re3 54.Kg2 Nc4 55.Rg8 Re6 56.Bf4 d4 57.Kg3 Ne3 58.Rd8 Re4
59.Rg8 Nf5+ 60.Kxg4 Nh6+  0-1

[Event "35th TCh-GRE"]
[Site "Ermioni GRE"]
[Date "2006.07.06"]
[Round "4"]
[White "Skembris,S"]
[Black "Dalaklis,G"]
[Result "1-0"]
[WhiteElo "2458"]
[BlackElo "2178"]

1.d4 d6 2.e4 g6 3.Nc3 Bg7 4.Nf3 c6 5.a4 Nf6 6.h3 O-O 7.Bd3 Nbd7 8.O-O b6
9.e5 Ne8 10.Qe2 c5 11.e6 fxe6 12.Qxe6+ Kh8 13.Qe4 d5 14.Nxd5 Bb7 15.c4 e6
16.Qxe6 cxd4 17.Bg5 Nc5 18.Qe2 Qd7 19.Ne5 Qe6 20.f4 Nxd3 21.Qxd3 Bxd5 22.cxd5 Qxd5
23.Rad1 Nc7 24.Qxd4 Qxd4+ 25.Rxd4 Ne6 26.Rd5 Nxg5 27.fxg5 Rxf1+ 28.Kxf1 Rf8+
29.Kg1 Bxe5 30.Rxe5 Rf7 31.g4 Kg7 32.Kg2 Rc7 33.Kf3 Kf7 34.h4 Rc2 35.Re2 Rc4
36.Re4 Rc2 37.Rb4 Rc5 38.Kf4 Ke6 39.Re4+ Kf7 40.h5 gxh5 41.gxh5 Rc2 42.b3 Rc1
43.Kf5 Rf1+ 44.Rf4 Rh1 45.Kg4+ Kg8 46.Rc4 Rg1+ 47.Kf5 Rf1+ 48.Rf4 Rh1 49.Kf6 Rh3
50.b4 Ra3 51.b5 Rd3 52.Rc4 Rd6+ 53.Ke7 Rd1 54.Rc8+ Kg7 55.Rc7 Rg1 56.Ke6+ Kg8
57.h6 Re1+ 58.Kd6 Rd1+ 59.Kc6 Rg1 60.Rg7+  1-0

[Event "Open"]
[Site "Marseille FRA"]
[Date "2006.07.06"]
[Round "8"]
[White "Karpatchev,A"]
[Black "Onkoud,A"]
[Result "1-0"]
[WhiteElo "2521"]
[BlackElo "2420"]

1.e4 g6 2.d4 Bg7 3.Nc3 d6 4.f4 a6 5.Nf3 b5 6.Bd3 Bb7 7.O-O Nd7 8.e5 e6 9.Ne4 Bxe4
10.Bxe4 d5 11.Bd3 c5 12.c3 Ne7 13.Be3 c4 14.Bc2 a5 15.g4 Qb6 16.Qe2 b4 17.f5 f6
18.exf6 Bxf6 19.g5 Nxf5 20.gxf6 O-O 21.Bg5 Nxf6 22.Ne5  1-0

[Event "35th TCh-GRE"]
[Site "Ermioni GRE"]
[Date "2006.07.07"]
[Round "6"]
[White "Tassopoulos,M"]
[Black "Dalaklis,G"]
[Result "0-1"]
[WhiteElo "2270"]
[BlackElo "2178"]

1.e4 d6 2.d4 g6 3.Nc3 Bg7 4.f4 Nf6 5.Nf3 c5 6.Bb5+ Bd7 7.e5 Ng4 8.Bxd7+ Qxd7
9.d5 dxe5 10.h3 e4 11.hxg4 exf3 12.Qxf3 Na6 13.Bd2 O-O-O 14.O-O-O Nc7 15.Be1 f5
16.gxf5 gxf5 17.Rh5 h6 18.Qd3 Rhf8 19.Qc4 Qd6 20.b4 Bd4 21.bxc5 Bxc5 22.Kb1 Kb8
23.Na4 Qg6 24.Rh3 Qg4 25.Rdd3 Bd6 26.Rxh6 Qxg2 27.Bb4 Qg1+ 28.Kb2 Qg7+ 29.Rc3 Qxh6  0-1

[Event "COQ"]
[Site "Montreal CAN"]
[Date "2006.07.07"]
[Round "1"]
[White "Desjardins,A"]
[Black "Libersan,T"]
[Result "0-1"]
[WhiteElo "2106"]
[BlackElo "1961"]

1.e4 d6 2.d4 g6 3.Nc3 Bg7 4.Be3 Nf6 5.f3 Nbd7 6.Qd2 O-O 7.h4 c5 8.g4 h5 9.g5 Ne8
10.dxc5 Ne5 11.O-O-O Be6 12.Kb1 Rc8 13.Bb5 Qa5 14.Be2 Bc4 15.f4 Bxe2 16.Ncxe2 Qxd2
17.Bxd2 Ng4 18.Nh3 Rxc5 19.Nc3 Nc7 20.Rhe1 Rc8 21.Na4 Rc4 22.Nc3 b5 23.a3 a5
24.Rc1 b4 25.axb4 Rxb4 26.b3 Rcb8 27.Ka2 Rd4 28.Nb1 Nb5 29.c4 Rd3 30.Ng1 Nd4
31.Bc3 Nxb3 32.Rcd1 Bxc3 33.Rxd3 Bxe1 34.Rxb3 Rxb3 35.Kxb3 Bxh4 36.Nf3 Bg3
37.f5 h4 38.Nbd2 h3 39.Nf1 Bf4 40.Ka4 h2  0-1

[Event "XXIV Andorra Open"]
[Site "Andorra la Vella AND"]
[Date "2006.07.08"]
[Round "1"]
[White "Maura Mundo,A"]
[Black "Comas Fabrego,L"]
[Result "0-1"]
[WhiteElo "2149"]
[BlackElo "2495"]

1.e4 g6 2.d4 Bg7 3.Nc3 d6 4.Be3 a6 5.f4 b5 6.a3 Bb7 7.Nf3 Nd7 8.e5 Nh6 9.Bd3 O-O
10.O-O c5 11.dxc5 Ng4 12.Qe2 Nxe3 13.Qxe3 Nxc5 14.Rad1 Qc7 15.Kh1 dxe5 16.Nxe5 Nxd3
17.Rxd3 Rad8 18.h4 Rxd3 19.cxd3 Rd8 20.Rd1 Qd6 21.d4 Bh6 22.Ne2 Qd5 23.Qg3 Qe4
24.Rd2 Qf5 25.Kg1 Bg7 26.Kh2 h5 27.Nc3 Bh6 28.Ne2 Kg7 29.Kg1 Rc8 30.Nd3 Qd5
31.Kh2 Kh7 32.Ne5 Qe6 33.Nc3 Qf5 34.Rf2 Rd8 35.Ne2 Bg7 36.Qe3 Qf6 37.Qg3 e6
38.Kg1 Qe7 39.Kh2 Bf6 40.Qh3  0-1

[Event "XXXII Open"]
[Site "Badalona ESP"]
[Date "2006.07.08"]
[Round "7"]
[White "Alsina Leal,D"]
[Black "Moskalenko,V"]
[Result "0-1"]
[WhiteElo "2428"]
[BlackElo "2543"]

1.e4 g6 2.d4 Bg7 3.Nc3 d6 4.f4 c6 5.Nf3 Bg4 6.Be3 Qb6 7.Qd2 Nf6 8.e5 Nd5
9.Nxd5 cxd5 10.c4 Bxf3 11.gxf3 e6 12.cxd5 exd5 13.f5 Nc6 14.f4 dxe5 15.fxe5 f6
16.Bh3 O-O 17.O-O gxf5 18.Bxf5 fxe5 19.dxe5 d4 20.Bh6 Nxe5 21.Bxg7 Kxg7 22.Be4 Ng6
23.Kh1 Rxf1+ 24.Rxf1 Rf8 25.Rxf8 Kxf8 26.Qh6+ Kg8 27.Bd5+ Kh8 28.Qg5 Kg7
29.h4 Qf6 30.Qxf6+ Kxf6 31.Bxb7 d3 32.Bf3 Nxh4 33.Bd1 Nf5  0-1

[Event "Open"]
[Site "Albarino ESP"]
[Date "2006.07.09"]
[Round "7"]
[White "Espineira Gonzalez,D"]
[Black "Garcia Castro,P"]
[Result "0-1"]
[WhiteElo "2337"]
[BlackElo "2336"]

1.e4 g6 2.d4 Bg7 3.Nc3 d6 4.Nf3 Nc6 5.Be3 Bg4 6.Bb5 a6 7.Ba4 b5 8.Bb3 e6
9.Ne2 d5 10.exd5 Bxf3 11.gxf3 exd5 12.Qd2 Nge7 13.Nf4 O-O 14.h4 Re8 15.O-O-O a5
16.a3 a4 17.Ba2 Na5 18.h5 Nc4 19.Bxc4 bxc4 20.hxg6 hxg6 21.c3 Rb8 22.Ng2 Nf5
23.Bf4 Re6 24.Ne3 Nxe3 25.fxe3 g5 26.Be5 f6 27.Bg3 Reb6 28.Rh2 Qe7 29.Qf2 Rxb2
30.Qxb2 Rxb2 31.Kxb2 Bf8 32.Ra1 Qxe3 33.Re1 Qxf3 34.Rg1 c5 35.dxc5 Bxc5  0-1

[Event "21st North Sea Cup"]
[Site "Esbjerg DEN"]
[Date "2006.07.09"]
[Round "2"]
[White "Berg,P"]
[Black "Veng,J"]
[Result "0-1"]
[WhiteElo "1996"]
[BlackElo "2239"]

1.d4 g6 2.e4 Bg7 3.Nc3 d6 4.Be3 a6 5.Qd2 b5 6.a4 b4 7.Nce2 a5 8.Ng3 h5 9.Bd3 Nf6
10.f3 h4 11.N3e2 c6 12.c3 Na6 13.Nf4 e5 14.Nfh3 bxc3 15.bxc3 exd4 16.Bxd4 Nc5
17.Bc4 Qe7 18.Ne2 Bxh3 19.gxh3 Bh6 20.Qa2 O-O 21.O-O Rad8 22.Bxf6 Qxf6 23.Nd4 d5
24.exd5 cxd5 25.Bb5 Be3+ 26.Kh1 Bxd4 27.cxd4 Qxd4 28.Rad1 Qe5 29.Qf2 Qe7
30.Rfe1 Ne6 31.Rd4 Qc5 32.Rxe6 fxe6 33.Qxh4 Qc1+ 34.Kg2 Qc2+ 35.Kg3 Qf5 36.f4 e5
37.Bd3 g5 38.Qh6 gxf4+ 39.Kf2 e4 40.Bb1 Qf6  0-1

[Event "XXXII Open"]
[Site "Badalona ESP"]
[Date "2006.07.10"]
[Round "9"]
[White "Neelotpal,D"]
[Black "Narciso Dublan,M"]
[Result "1/2-1/2"]
[WhiteElo "2490"]
[BlackElo "2467"]

1.e4 g6 2.d4 Bg7 3.Nc3 d6 4.Bg5 a6 5.a4 Nc6 6.d5 Ne5 7.Qd2 c6 8.Nf3 Nxf3+
9.gxf3 Nf6 10.O-O-O cxd5 11.Bxf6 Bxf6 12.Nxd5 Bg7 13.a5 O-O 14.Nb6 Rb8 15.Bc4 Be6
16.Bd5 Bxd5 17.Qxd5 e6 18.Qd2 Qf6 19.c3 Rbd8 20.Qe3 Qe5 21.Nc4 Qb5 22.Nxd6 Qxa5
23.Kb1 Rd7  1/2-1/2

[Event "35th TCh-GRE"]
[Site "Ermioni GRE"]
[Date "2006.07.10"]
[Round "9"]
[White "Mastrovasilis,D"]
[Black "Dalaklis,G"]
[Result "1-0"]
[WhiteElo "2567"]
[BlackElo "2178"]

1.e4 d6 2.d4 g6 3.Nc3 Bg7 4.f4 Nf6 5.Nf3 c5 6.Bb5+ Bd7 7.e5 Ng4 8.Bxd7+ Qxd7
9.d5 dxe5 10.h3 e4 11.hxg4 exf3 12.Qxf3 Na6 13.Bd2 O-O-O 14.O-O-O Nc7 15.Be1 f5
16.gxf5 gxf5 17.Kb1 Qd6 18.g4 Rhf8 19.gxf5 Rxf5 20.Qh3 Qd7 21.d6 Bxc3 22.Bxc3 exd6
23.Rxd6 Qxd6 24.Qxf5+ Ne6 25.b3 Rf8 26.Qh3 Qd7 27.Qe3 Rf7 28.Be5 Qd5 29.Rg1 b6
30.Qe2 Kb7 31.Rd1 Qc6 32.Rd6 Qh1+ 33.Kb2 Nc7 34.a4 a5 35.Rd1 Qc6 36.Rd6 Qh1
37.Qd3 Re7 38.Rd7  1-0

[Event "ch-SWE"]
[Site "Gothenburg SWE"]
[Date "2006.07.10"]
[Round "9"]
[White "Cicak,S"]
[Black "Hillarp Persson,T"]
[Result "1-0"]
[WhiteElo "2532"]
[BlackElo "2549"]

1.e4 g6 2.d4 Bg7 3.Nc3 d6 4.h3 a6 5.a4 b6 6.Nge2 Nd7 7.d5 Ngf6 8.g4 e5 9.dxe6 fxe6
10.Bg2 e5 11.g5 Ng8 12.O-O Rb8 13.f4 exf4 14.Nxf4 Ne5 15.Nd3 Ne7 16.Qe2 Be6
17.Nxe5 dxe5 18.Be3 Qc8 19.Rf3 Rf8 20.Raf1 Rxf3 21.Qxf3 Qd7 22.h4 Nc8 23.Nd5 Bxd5
24.exd5 Nd6 25.b3 Qe7 26.Qe2 Nf5 27.Bf2 a5 28.Bh3 Rd8 29.c4 e4 30.Bxf5 gxf5
31.Bg3 Be5 32.Rxf5 Bxg3 33.Qh5+ Kd7 34.Rf7 Qxf7 35.Qxf7+ Kc8 36.Qxh7 e3 37.Kf1 Bd6
38.Ke2 Bc5 39.Qf5+ Kb7 40.h5 Rf8 41.Qxf8 Bxf8 42.Kxe3 Kc8 43.Ke4 Kd7 44.Kf5 Ba3
45.Kf6 Ke8 46.Kg7 Bc1 47.g6  1-0

[Event "3rd South Wales Int"]
[Site "Caerleon WLS"]
[Date "2006.07.11"]
[Round "6"]
[White "Radovanovic,J"]
[Black "Helbig,P"]
[Result "1/2-1/2"]
[WhiteElo "2366"]
[BlackElo "2184"]

1.e4 g6 2.d4 d6 3.Nc3 Bg7 4.Nf3 a6 5.Be3 Nd7 6.Qd2 h6 7.h3 e6 8.Bd3 Ne7 9.O-O Nc6
10.a3 e5 11.Bc4 exd4 12.Nxd4 Nxd4 13.Bxd4 O-O 14.Bxg7 Kxg7 15.f4 Nb6 16.Bb3 Be6
17.f5 Bxb3 18.f6+ Kh7 19.cxb3 Re8 20.Rf4 Re6 21.Raf1 Qf8 22.Ne2 Rae8 23.Qc2 c6
24.Nd4 Re5 25.Nf3 R5e6 26.Nd4 Re5 27.Nf3 R5e6 28.Nd4 Re5  1/2-1/2

[Event "16th Heart of Finland Open"]
[Site "Jyvaskyla FIN"]
[Date "2006.07.12"]
[Round "4"]
[White "Paronen,P"]
[Black "Nyback,T"]
[Result "0-1"]
[WhiteElo "2180"]
[BlackElo "2587"]

1.e4 g6 2.d4 Bg7 3.Nc3 d6 4.h3 Nf6 5.Be3 O-O 6.g4 e5 7.Nge2 exd4 8.Nxd4 d5
9.e5 Ne4 10.Nxe4 dxe4 11.Bg2 Bxe5 12.Bxe4 Bxd4 13.Qxd4 Qxd4 14.Bxd4 Re8 15.f3 f5
16.gxf5 gxf5 17.Rg1+ Kf7 18.Rg7+ Ke6 19.O-O-O fxe4 20.fxe4 Re7 21.Rg8 Nd7
22.Rf1 b6 23.Kd2 Bb7  0-1

[Event "XXIX Open"]
[Site "Barbera del Valles ESP"]
[Date "2006.07.13"]
[Round "9"]
[White "De la Paz,F"]
[Black "Asis Gargatagli,H"]
[Result "1-0"]
[WhiteElo "2435"]
[BlackElo "2361"]

1.e4 g6 2.d4 Bg7 3.Nc3 d6 4.Be3 a6 5.Qd2 Nd7 6.O-O-O b5 7.h4 h5 8.f3 Bb7
9.Nh3 c5 10.dxc5 Nxc5 11.Ng5 Rc8 12.Bd4 Nf6 13.Nd5 O-O 14.g4 e5 15.Bxc5 Rxc5
16.Nxf6+ Qxf6 17.gxh5 Rfc8 18.hxg6 Rxc2+ 19.Qxc2 Rxc2+ 20.Kxc2 fxg6 21.Bh3 Bh6
22.Be6+ Kg7 23.Rxd6 Bxg5 24.Rd7+ Kh6 25.Rh7+  1-0

[Event "6th TCh-Euro u18"]
[Site "Balatonlelle HUN"]
[Date "2006.07.14"]
[Round "3"]
[White "Jurcik,Mart"]
[Black "Niemi,M"]
[Result "1/2-1/2"]
[WhiteElo "2309"]
[BlackElo "2158"]

1.e4 g6 2.d4 Bg7 3.Nc3 d6 4.f4 a6 5.Nf3 b5 6.Bd3 Nd7 7.O-O c5 8.dxc5 Nxc5
9.Qe2 Bb7 10.Bd2 Nf6 11.b4 Nxd3 12.cxd3 O-O 13.Rfc1 Rc8 14.Nd1 Qd7 15.Nf2 Ng4
16.Rxc8 Rxc8 17.Rc1 Nxf2 18.Kxf2 Qe6 19.Rxc8+ Qxc8 20.Qd1 Qc6 21.Qc1 Kf8
22.Qxc6 Bxc6 23.Ke3 Ke8 24.Nd4 Kd7 25.Nxc6 Kxc6 26.d4 e6 27.Bc3 d5 28.e5 f5  1/2-1/2

[Event "ch-NOR"]
[Site "Moss NOR"]
[Date "2006.07.14"]
[Round "8"]
[White "Gabrielsen,T"]
[Black "Lie,K"]
[Result "0-1"]
[WhiteElo "2235"]
[BlackElo "2536"]

1.e4 g6 2.d4 Bg7 3.Nc3 d6 4.Nf3 a6 5.Be3 b5 6.a4 b4 7.Nd5 a5 8.c3 e6 9.Nf4 Nd7
10.cxb4 axb4 11.Bb5 Nf6 12.Nd3 O-O 13.Nxb4 Nxe4 14.Nc6 Qe8 15.O-O f5 16.Nd2 Nef6
17.Nc4 Nd5 18.Bd2 f4 19.Nb4 Bb7 20.Na5 Rxa5 21.Nxd5 Rxb5 22.Nxc7 Rg5 23.Nxe8 Rxg2+
24.Kh1 Rxf2+ 25.Kg1 Rg2+ 26.Kh1 Rxd2+  0-1

[Event "Aegean Open"]
[Site "Agios Kirikos GRE"]
[Date "2006.07.15"]
[Round "5"]
[White "Margaritis,F"]
[Black "Koukoufikis,A"]
[Result "1/2-1/2"]
[WhiteElo "2154"]
[BlackElo "2253"]

1.e4 g6 2.d4 Bg7 3.Nc3 d6 4.Be3 c6 5.Qd2 b5 6.f3 Nd7 7.Nge2 Nb6 8.Nf4 Nc4
9.Bxc4 bxc4 10.h4 Rb8 11.Nd1 h5 12.d5 c5 13.c3 Nf6 14.Qe2 Qa5 15.Nh3 Nd7
16.f4 Nf6 17.Ng5 Bg4 18.Qxc4 Bxd1 19.Rxd1 Rxb2 20.O-O Qxa2 21.Qxa2 Rxa2 22.Ra1 Re2
23.Rxa7 O-O 24.Bf2 Nxe4 25.Rxe7 Nxc3 26.Rd7 Nxd5 27.Bxc5 dxc5 28.Rxd5 Rb8
29.Kh2 f6 30.Nf3 Rbb2 31.Rxc5 Rxg2+ 32.Kh3 Rgf2 33.Rc8+ Kh7 34.Rxf2 Rxf2
35.Kg3 Ra2 36.Rc7 Ra4 37.Rd7 Kg8 38.Nd4 Ra3+ 39.Kg2 Rd3 40.Rd8+ Bf8 41.Ne6 Rxd8
42.Nxd8 Bd6 43.Kf3 Kf8 44.Ne6+ Kf7 45.Nd4 Bc5 46.Ne2 Ke6 47.Ng3 Be7 48.f5+ Kf7
49.fxg6+ Kxg6 50.Ne4 f5 51.Ng3 Bxh4 52.Nxf5 Kxf5 53.Kg2  1/2-1/2

[Event "3rd ACT"]
[Site "Amsterdam NED"]
[Date "2006.07.15"]
[Round "1"]
[White "Hunt,A"]
[Black "Hartoch,R"]
[Result "1-0"]
[WhiteElo "2457"]
[BlackElo "2265"]

1.e4 g6 2.d4 d6 3.Nc3 Bg7 4.Be3 c6 5.Qd2 Nd7 6.Nf3 Ngf6 7.Bh6 Bxh6 8.Qxh6 e5
9.O-O-O Qe7 10.Bc4 b5 11.dxe5 dxe5 12.Bb3 Nc5 13.Rhe1 Nxb3+ 14.axb3 Bg4 15.Rd3 Nd7
16.Red1 O-O-O 17.Rd6 Kc7 18.Qe3 Kb7 19.Qd2 a6 20.Na2 Bxf3 21.gxf3 Kc7 22.Nb4 Nb8
23.Nxa6+ Nxa6 24.Qa5+ Kb7 25.Rxd8  1-0

[Event "16th Heart of Finland Open"]
[Site "Jyvaskyla FIN"]
[Date "2006.07.15"]
[Round "7"]
[White "Lyly,S"]
[Black "Hoi,C"]
[Result "0-1"]
[WhiteElo "2063"]
[BlackElo "2386"]

1.e4 g6 2.d4 Bg7 3.Nc3 d6 4.f4 Nc6 5.Be3 Nf6 6.Nf3 e6 7.Qd2 a6 8.Bd3 O-O
9.h3 b5 10.O-O Ne7 11.Qf2 b4 12.Ne2 Bb7 13.Ng3 Qd7 14.a3 a5 15.Qd2 bxa3 16.Rxa3 a4
17.c4 d5 18.exd5 exd5 19.Ne5 Qd8 20.f5 dxc4 21.Bxc4 Bd5 22.Bd3 c5 23.dxc5 Qc7
24.Bd4 Rad8 25.Qf4 Nc6 26.Nxc6 Qxc6 27.Rf2 Bb3 28.Qh4 g5  0-1

[Event "3rd ACT"]
[Site "Amsterdam NED"]
[Date "2006.07.16"]
[Round "2"]
[White "De Vreugt,D"]
[Black "Hartoch,R"]
[Result "1-0"]
[WhiteElo "2429"]
[BlackElo "2265"]

1.e4 g6 2.d4 Bg7 3.Nc3 d6 4.Be3 c6 5.Qd2 Nd7 6.Nf3 Ngf6 7.Bd3 e5 8.h3 O-O
9.O-O b6 10.a4 a6 11.Rfd1 Bb7 12.dxe5 dxe5 13.Bc4 b5 14.Ba2 b4 15.Ne2 Qa5
16.Ng3 Rad8 17.Ng5 h6 18.Nxf7 Rxf7 19.Bxh6 Kh7 20.Bxf7 Bxh6 21.Qd6 Bf8 22.Qe6 Kg7
23.Rd3 Qc5 24.Bxg6 Kxg6 25.Nf5 Kh7 26.Qf7+ Kh8 27.Rg3  1-0

[Event "3rd ACT"]
[Site "Amsterdam NED"]
[Date "2006.07.16"]
[Round "2"]
[White "Doggers,P"]
[Black "Siebrecht,S"]
[Result "0-1"]
[WhiteElo "2232"]
[BlackElo "2414"]

1.e4 g6 2.d4 Bg7 3.Nc3 d6 4.Be3 a6 5.a4 b6 6.f4 Bb7 7.Nf3 Nd7 8.Bc4 e6 9.f5 exf5
10.exf5 Ngf6 11.O-O d5 12.Bd3 O-O 13.fxg6 hxg6 14.Bg5 c5 15.Qd2 c4 16.Be2 Re8
17.Rae1 b5 18.axb5 axb5 19.Bd1 Qb6 20.b4 Ne4 21.Qe3 Nxg5  0-1

[Event "Open A"]
[Site "Oberwart AUT"]
[Date "2006.07.16"]
[Round "9"]
[White "Dittmar,P"]
[Black "Stanec,N"]
[Result "1/2-1/2"]
[WhiteElo "2347"]
[BlackElo "2517"]

1.d4 d6 2.e4 g6 3.Nc3 Bg7 4.Nf3 Nf6 5.Be2 O-O 6.O-O a6 7.a4 Nc6 8.d5 Nb8
9.a5 c5 10.Nd2 Nbd7 11.Nc4 Ne8 12.Na4 Rb8 13.c3 Ndf6 14.Bf3 Bd7 15.Nab6 Bb5
16.Re1 Bxc4 17.Nxc4 Nd7 18.Bg4 Ne5 19.Nb6 Nf6 20.Bh3 Nfd7 21.Bxd7 Nxd7 22.Nc4 Ne5
23.Nb6 Nd7 24.Nc4 Ne5 25.Nb6 Nd7  1/2-1/2

[Event "ch-Paris"]
[Site "Paris FRA"]
[Date "2006.07.16"]
[Round "9"]
[White "Bellaiche,A"]
[Black "Morelle,L"]
[Result "1-0"]
[WhiteElo "2482"]
[BlackElo "2283"]

1.d4 d6 2.e4 g6 3.Nc3 Bg7 4.Be3 Nf6 5.f3 c6 6.Qd2 b5 7.Bd3 Nbd7 8.Nge2 Bb7
9.Bh6 Bxh6 10.Qxh6 e5 11.dxe5 dxe5 12.a4 b4 13.Nd1 a5 14.Ne3 Nb6 15.O-O Qe7
16.Nc1 Nh5 17.Nb3 Qf8 18.Qxf8+ Rxf8 19.Nc5 Bc8 20.Rfd1 Ke7 21.Bc4 Nf6 22.Rd2 Nfd7
23.Nb3 Kd8 24.g4 h6 25.h4 Kc7 26.g5 h5 27.Kg2 Ra7 28.Kg3 Ba6 29.Nxa5 Bc8
30.Nb3 Rxa4 31.Rad1 Ra7 32.Rd6 Nxc4 33.Nxc4 Re8 34.Kf2 Ra2 35.Ke3 Nb8 36.Nc5 Re7
37.Nd3 Rxb2 38.Ndxb2 Be6 39.Nxe5  1-0